{"text_format":"3","workbook":"xlsx","n_sheets":1,"sheets":["Sheet1"],"read":"whole","date_system":"1900"}

{"sheet":"Sheet1","index":0,"n_rows":92,"n_cols":13,"rows_kept":92,"merged":[[0,0,0,12],[1,0,2,0],[1,1,2,1],[1,2,2,2],[1,3,2,3],[1,4,2,4],[1,5,2,5],[1,6,1,7],[1,8,1,9],[1,10,1,11],[1,12,2,12]]}
["烟气碱洗系统供货清单"]
["序号     ","设备\n位号","设 备 名 称                                                                   ","规格或型号","单位           ","数量    ","功率（kw）",null,"重量(t)",null,"价格（万元）",null,"备 注"]
[{"$nulls":6},"单","总","单","总","单","总"]
[1,8.06,"烟气碱洗系统"]
[null,"8.06-1","碱洗塔","型号：φ3000,H=19000mm（预估）","台",1,null,null,{"v":18,"d":"18.000"},{"$f":"I5*F5","v":{"v":18,"d":"18.000"}}]
[{"$nulls":3},"介质：脱硫水溶液"]
[{"$nulls":3},"烟气进口温度：150℃"]
[{"$nulls":3},"烟气出口温度：60℃"]
[{"$nulls":3},"材质：碳钢衬玻璃鳞片"]
[{"$nulls":3},"鳞片防腐面积：200m²","项",1]
[null,"8.06-2","除雾器","规格：φ3000mm","层",3]
[{"$nulls":3},"3层平板式高效除雾器"]
[{"$nulls":3},"材质：PP"]
[{"$nulls":3},"自带冲洗系统"]
[null,"8.06-3","喷淋层","内部喷淋层","层",4]
[{"$nulls":3},"每层带8个碳化硅喷头"]
[{"$nulls":3},"材质：玻璃钢"]
[{"$nulls":3},"流量：160m³/h"]
[null,"8.06-4","托盘","规格：φ3000","层",1]
[{"$nulls":3},"材质：2205"]
[{"$nulls":3},"板厚度：不低于2.5mm"]
[{"$nulls":3},"开孔率：33~35%"]
[null,"8.06-5","碱洗塔循环泵","型号：IHF125-100-160","台",4,{"v":30,"d":"30.000"},{"v":120,"d":"120.000"},{"v":0.46,"d":"0.460"},{"$f":"I23*F23","v":{"v":1.84,"d":"1.840"}}]
[null,null,"（优选卧式泵）","介质：脱硫浆液"]
[{"$nulls":3},"类型：卧式离心泵"]
[{"$nulls":3},"介质温度：50℃以下"]
[{"$nulls":3},"流量：160m³/h"]
[{"$nulls":3},"扬程：20m/22m/24m/26m"]
[{"$nulls":3},"有效汽蚀余量：＞3m"]
[{"$nulls":3},"材质：碳钢衬塑"]
[null,"8.06-5M","电动机","功率： 30kW","台",4]
[{"$nulls":3},"电压等级：380V/50Hz"]
[{"$nulls":3},"配套提供：泵、电机、联轴器，底座、护罩，地脚螺栓等"]
[null,"8.06-6","引水罐","型号：φ800×1100","台",4]
[{"$nulls":3},"材质 PP"]
[null,"8.06-7","废液外排泵","型号：40FZB-30L","台",2,{"v":4,"d":"4.000"},{"v":8,"d":"8.000"},{"v":0.16,"d":"0.160"},{"$f":"I36*F36","v":{"v":0.32,"d":"0.320"}}]
[{"$nulls":3},"类型：自吸泵"]
[{"$nulls":3},"自吸高度：3m"]
[{"$nulls":3},"介质：脱硫废液"]
[{"$nulls":3},"介质温度：50℃以下"]
[{"$nulls":3},"流量：2m³/h"]
[{"$nulls":3},"扬程：30m"]
[{"$nulls":3},"材质：碳钢衬塑"]
[null,"8.06-7M","电动机","功率： 4 kW","台",2]
[{"$nulls":3},"电压等级：380V/50Hz"]
[{"$nulls":3},"配套提供：泵、电机、联轴器，底座、护罩，地脚螺栓等"]
[2,8.07,"工艺水系统"]
[null,"8.07-1","工艺水箱","V=9m³","台","1",null,null,{"v":3.75,"d":"3.750"},{"$f":"I48*F48","v":{"v":3.75,"d":"3.750"}}]
[{"$nulls":3},"规格：φ2×3m"]
[{"$nulls":3},"材质：碳钢"]
[null,"8.07-2","清洗水泵","型号：ISW65-200","台",2,{"v":7.5,"d":"7.500"},{"v":15,"d":"15.000"},0.128,{"$f":"I51*F51","v":0.256}]
[{"$nulls":3},"类型：卧式离心泵"]
[{"$nulls":3},"介质：水 "]
[{"$nulls":3},"介质温度：常温"]
[{"$nulls":3},"流量：20m³/h"]
[{"$nulls":3},"扬程：50m"]
[{"$nulls":3},"材质：碳钢"]
[null,"8.07-2M","电动机","功率：7.5kW","台",2]
[{"$nulls":3},"电压等级：380V/50Hz"]
[{"$nulls":3},"配套提供：泵、电机、联轴器、入口底阀，底座、护罩，地脚螺栓等"]
[3,8.08,"碱液供应系统"]
[null,"8.08-1","碱液罐","体积V=30m³，φ3m×4.5m","台","1",null,null,{"v":6,"d":"6.000"},{"$f":"I62*F62","v":{"v":6,"d":"6.000"}}]
[{"$nulls":3},"材质：304"]
[null,"8.08-2","卸碱液泵","型号：IHF65-50-125","台","1",{"v":4,"d":"4.000"},{"$f":"G64*F64","v":{"v":4,"d":"4.000"}},0.145,{"$f":"I64*F64","v":0.145}]
[{"$nulls":3},"介质：20%~30%氢氧化钠稀溶液"]
[{"$nulls":3},"介质温度：50℃以下"]
[{"$nulls":3},"流量：30m³/h"]
[{"$nulls":3},"扬程：15m"]
[{"$nulls":3},"材质：衬塑泵"]
[null,"8.08-2M","电动机","功率：4kW","台",1]
[{"$nulls":3},"电压等级：380V/50Hz"]
[{"$nulls":3},"配套提供：\n泵、电机、联轴器、入口底阀，底座、护罩，进、出口配对法兰及垫片、紧固件等"]
[null,"8.08-3","碱液泵","型号：IHF25-20-125","台",2,{"v":1.1,"d":"1.100"},{"$f":"G73*F73","v":{"v":2.2,"d":"2.200"}},0.078,{"$f":"I73*F73","v":0.156}]
[{"$nulls":3},"介质：20%~30%氢氧化钠溶液"]
[{"$nulls":3},"介质温度：常温"]
[{"$nulls":3},"流量：1m³/h"]
[{"$nulls":3},"扬程：15m"]
[{"$nulls":3},"材质：碳钢衬塑"]
[null,"8.08-3M","变频电动机","功率:1.1kW","台",2]
[4,8.09,"烟道膨胀节",null,"个",3]
[{"$nulls":3},"规格：Ø1500  L=300mm"]
[{"$nulls":3},"耐温：200℃"]
[{"$nulls":3},"轴向膨胀量：+60mm"]
[{"$nulls":3},"径向膨胀量：±15mm"]
[{"$nulls":3},"耐压：±5000Pa"]
["5","8.10","烟囱","型号：φ1500，H=45000mm","个",1]
[{"$nulls":3},"介质：烟气"]
[{"$nulls":3},"烟气温度：60℃"]
[{"$nulls":3},"材质：碳钢衬玻璃鳞片"]
["6","8.11","阀门","详见阀门清册","批",1]
[]
[{"$nulls":3},"小计"]